ბათუმის შოთა რუსთაველის სახელმწიფო უნივერსიტეტის ბიბლიოთეკა

ვითარცა მტკვარი (ბიბ.ჩანაწერი № 42732)

000 -LEADER
fixed length control field 00812nam a2200241Ia 4500
001 - CONTROL NUMBER
control field 9438
003 - CONTROL NUMBER IDENTIFIER
control field GE_BSU
008 - FIXED-LENGTH DATA ELEMENTS--GENERAL INFORMATION
fixed length control field 181216s||||||||xx |||||||||||||| ||und||
040 ## - CATALOGING SOURCE
Transcribing agency GE_BSU
080 ## - UNIVERSAL DECIMAL CLASSIFICATION NUMBER
Universal Decimal Classification number 821.353.1–1
100 ## - MAIN ENTRY--PERSONAL NAME
Personal name მაჭავარიანი,მუხრან
245 ## - TITLE STATEMENT
Title ვითარცა მტკვარი
245 ## - TITLE STATEMENT
Remainder of title ლექსები
245 ## - TITLE STATEMENT
Statement of responsibility, etc. რედ.აკაკი ბრეგვაძე.მხატვ. გ.წერეთელი
250 ## - EDITION STATEMENT
Edition statement მე-2გამოც.
260 ## - PUBLICATION, DISTRIBUTION, ETC.
Place of publication, distribution, etc. თბილისი
260 ## - PUBLICATION, DISTRIBUTION, ETC.
Name of publisher, distributor, etc. ნაკადული
260 ## - PUBLICATION, DISTRIBUTION, ETC.
Date of publication, distribution, etc. 1987
300 ## - PHYSICAL DESCRIPTION
Extent 125გვ.ფოტო გარეკანზე.16სმ.
653 ## - INDEX TERM--UNCONTROLLED
Uncontrolled term ვითარცა მტკვარი
653 ## - INDEX TERM--UNCONTROLLED
Uncontrolled term ლექსები
942 ## - ADDED ENTRY ELEMENTS (KOHA)
Koha item type წიგნი
ეგზემპლარები
Withdrawn status Lost status Damaged status Not for loan Date acquired Barcode Date last seen Price effective from Koha item type
        2018-12-17 32474 2018-12-17 2018-12-17 წიგნი
        2018-12-17 32475 2018-12-17 2018-12-17 წიგნი
        2018-12-17 32476 2018-12-17 2018-12-17 წიგნი
        2018-12-17 32858 2018-12-17 2018-12-17 წიგნი